<?xml version="1.0" encoding="UTF-8"?>
<record
    xmlns:xsi="http://www.w3.org/2001/XMLSchema-instance"
    xsi:schemaLocation="http://www.loc.gov/MARC21/slim http://www.loc.gov/standards/marcxml/schema/MARC21slim.xsd"
    xmlns="http://www.loc.gov/MARC21/slim">

  <leader>00567nam a22001457a 4500</leader>
  <controlfield tag="008">141020b        xxu||||| |||| 00| 0 eng d</controlfield>
  <datafield tag="020" ind1=" " ind2=" ">
    <subfield code="a">818274167X</subfield>
  </datafield>
  <datafield tag="082" ind1=" " ind2=" ">
    <subfield code="a">540.803 MIL</subfield>
  </datafield>
  <datafield tag="100" ind1=" " ind2=" ">
    <subfield code="9">694</subfield>
    <subfield code="a">Milton Jules K.</subfield>
  </datafield>
  <datafield tag="245" ind1=" " ind2=" ">
    <subfield code="a">Encyclopaedic dictionary of organic chemistry / </subfield>
    <subfield code="c">compiled and edited by Jules K. Milton</subfield>
  </datafield>
  <datafield tag="260" ind1=" " ind2=" ">
    <subfield code="a">New Delhi : </subfield>
    <subfield code="b">Pentagon Press</subfield>
    <subfield code="c">c.2004.</subfield>
  </datafield>
  <datafield tag="300" ind1=" " ind2=" ">
    <subfield code="a">208p. : </subfield>
    <subfield code="b">ill. ; </subfield>
    <subfield code="c">23cm.</subfield>
  </datafield>
  <datafield tag="500" ind1=" " ind2=" ">
    <subfield code="a">http://ec2-50-16-192-254.compute-1.amazonaws.com/encyclopaedic-dictionary-of-organic-chemistry-jules-k-milton-book-9788182741676</subfield>
  </datafield>
  <datafield tag="942" ind1=" " ind2=" ">
    <subfield code="2">ddc</subfield>
    <subfield code="c">BK</subfield>
  </datafield>
  <datafield tag="999" ind1=" " ind2=" ">
    <subfield code="c">61161</subfield>
    <subfield code="d">61161</subfield>
  </datafield>
  <datafield tag="952" ind1=" " ind2=" ">
    <subfield code="0">0</subfield>
    <subfield code="1">0</subfield>
    <subfield code="2">ddc</subfield>
    <subfield code="4">0</subfield>
    <subfield code="7">0</subfield>
    <subfield code="a">PNEC</subfield>
    <subfield code="b">PNEC</subfield>
    <subfield code="c">REF</subfield>
    <subfield code="d">2005-06-17</subfield>
    <subfield code="e">Vangaurd Books</subfield>
    <subfield code="f">620</subfield>
    <subfield code="l">0</subfield>
    <subfield code="o">540.803 MIL</subfield>
    <subfield code="p">PNECLIB-026840</subfield>
    <subfield code="r">2014-10-20</subfield>
    <subfield code="w">2005-06-17</subfield>
    <subfield code="y">BK</subfield>
  </datafield>
</record>
